000 00570nmm a2200193Ia 4500
008 251105s9999||||xx |||||||||||||||||und||
020 _a9788475220307
041 _aspa
100 _aMaiakovski, Vladimir Vladimirovich
245 0 _aPoemas 1917 - 1930
264 _a[Madrid, España] :
_bVisor Libros,
_c1993
300 _a136 páginas
490 _aVisor de Poesía
650 _aOther poetry
700 _aMaiakovski, Vladimir Vladimirovich
700 1 _a Fernández Sánchez, José
856 _uhttps://public.digitaliapublishing.com/a/76743
942 _cCF
999 _c68190
_d68190